[Event "IECC CL7-2006.15 email"]
[Site "IECC email"]
[Date "2006.10.01"]
[Round "?"]
[White "Legler, Derek"]
[Black "Barnard, Paul E"]
[Result "0-1"]
[WhiteElo "1085"]
[BlackElo "1052"]
[PlyCount "80"]
[EventDate "2006.??.??"]
[EventType "tourn (corr)"]
[EventRounds "4"]
[SourceTitle "Corr 2008"]
[Source "ChessBase"]
[SourceDate "2008.06.24"]
[SourceVersion "1"]
[SourceVersionDate "2008.06.24"]
[SourceQuality "1"]

1. c4 e5 2. Nc3 Nf6 3. Nf3 Nc6 4. g3 Bb4 5. Bg2 d5 6. cxd5 Bxc3 7. dxc6 Bd4 8. Nxe5 Bxe5 9. cxb7 Rb8 10. bxc8Q Rxc8 11. Bc6+ Nd7 12. d4 Bf6 13. Qa4 Rb8 14. e3 0-0 15. Bxd7 Qe7 16. 0-0 c5 17. dxc5 Qxc5 18. Rb1 Rfd8 19. Rd1 Rb4 20. Qa3 Qc4 21. Bd2 Rb7 22. b3 Qe2 23. Bc6 Rc7 24. Bg2 Rxd2 25. Rxd2 Qxd2 26. Qa4 Kf8 27. Be4 g6 28. Kg2 Kg7 29. b4 Rc4 30. Kf3 Rxe4 31. Kxe4 Qxf2 32. Qd7 Qc2+ 33. Qd3 Qg2+ 34. Kf4 Bg5+ 35. Kxg5 Qf3 36. Qd1 Qf5+ 37. Kh4 g5+ 38. Kh5 h6 39. Qd4+ Kh7 40. h4 g4# 0-1

[Event "IECC CL7-2006.15 email"]
[Site "IECC email"]
[Date "2006.10.01"]
[Round "?"]
[White "Legler, Derek"]
[Black "Ramieri, Paolo"]
[Result "0-1"]
[WhiteElo "1107"]
[BlackElo "1172"]
[PlyCount "74"]
[EventDate "2006.??.??"]
[EventType "tourn (corr)"]
[EventRounds "4"]
[SourceTitle "Corr 2008"]
[Source "ChessBase"]
[SourceDate "2008.06.24"]
[SourceVersion "1"]
[SourceVersionDate "2008.06.24"]
[SourceQuality "1"]

1. c4 e5 2. Nc3 Nc6 3. g3 g6 4. Bg2 Bg7 5. d3 d6 6. Nf3 f5 7. 0-0 Nf6 8. Rb1 0-0 9. a3 h6 10. b4 a6 11. Be3 g5 12. Qc2 f4 13. Bd2 g4 14. Nh4 Nd4 15. Qa2 c6 16. e3 Nf5 17. c5+ d5 18. Ng6 Re8 19. exf4 Be6 20. Qb2 e4 21. dxe4 Nxe4 22. Ne5 Nxc3 23. Bxc3 d4 24. Bxd4 Qxd4 25. Qxd4 Nxd4 26. Rbd1 Bxe5 27. fxe5 Ne2+ 28. Kh1 Bc4 29. Rd7 Rxe5 30. Rxb7 Rae8 31. h3 gxh3 32. Bxc6 Nxg3+ 33. fxg3 Bxf1 34. Bxe8 Bg2+ 35. Kh2 Bxb7 36. Bd7 Bg2 37. a4 Re2 0-1

[Event "IECC Swiss-511.1"]
[Site "IECC email"]
[Date "2006.04.25"]
[Round "?"]
[White "Legler, Derek"]
[Black "Wozniak, Zbigniew"]
[Result "0-1"]
[WhiteElo "1109"]
[BlackElo "1695"]
[PlyCount "62"]
[EventDate "2006.??.??"]
[EventType "swiss (corr)"]
[EventRounds "1"]
[SourceTitle "Corr 2020"]
[Source "ChessBase"]
[SourceDate "2019.09.30"]
[SourceVersion "1"]
[SourceVersionDate "2019.09.30"]
[SourceQuality "1"]
[WhiteTeam "United States"]
[BlackTeam "Poland"]
[WhiteTeamCountry "USA"]
[BlackTeamCountry "POL"]

1. c4 e5 2. Nc3 Nf6 3. Nf3 Nc6 4. g3 Bb4 5. Bg2 0-0 6. 0-0 Re8 7. Nd5 Nxd5 8. cxd5 Nd4 9. a3 Nxf3+ 10. Bxf3 Bc5 11. b4 Bd4 12. Rb1 d6 13. e3 Bb6 14. a4 a5 15. b5 e4 16. Bg2 Qg5 17. Qb3 Bg4 18. f4 exf3 19. Bxf3 Bxf3 20. Rxf3 Qh5 21. Kg2 Re5 22. Qc4 Rxd5 23. g4 Rg5 24. h3 Qg6 25. Bb2 d5 26. Qf4 f6 27. Rc1 Re8 28. Rf2 Re4 29. Qf3 h5 30. Bxf6 hxg4 31. Qxe4 Qxe4+ 0-1

[Event "IECC CL7-2006.06 email"]
[Site "IECC email"]
[Date "2006.03.27"]
[Round "?"]
[White "Legler, Derek"]
[Black "Copin, Jean Christophe"]
[Result "0-1"]
[WhiteElo "1098"]
[BlackElo "1187"]
[PlyCount "60"]
[EventDate "2006.??.??"]
[EventType "tourn (corr)"]
[EventRounds "4"]
[SourceTitle "Corr 2020"]
[Source "ChessBase"]
[SourceDate "2019.09.30"]
[SourceVersion "1"]
[SourceVersionDate "2019.09.30"]
[SourceQuality "1"]
[WhiteTeam "United States"]
[BlackTeam "France"]
[WhiteTeamCountry "USA"]
[BlackTeamCountry "FRA"]

1. c4 e5 2. Nc3 Nf6 3. Nf3 Nc6 4. g3 Bb4 5. Bg2 d5 6. cxd5 Nxd5 7. 0-0 Nxc3 8. bxc3 Bd6 9. d4 f6 10. Qa4 Bd7 11. Qb3 Rb8 12. Bb2 Na5 13. Qd5 c6 14. Qe4 f5 15. Qc2 e4 16. Ne5 Be6 17. Rfd1 Bxe5 18. dxe5 Bd5 19. f3 Nc4 20. Bc1 0-0 21. fxe4 fxe4 22. Qa4 Qb6+ 23. Rd4 Rbe8 24. Bf4 Nxe5 25. e3 Nf3+ 26. Bxf3 exf3 27. Rb4 Qc5 28. Re1 Qxc3 29. Rbb1 Qd2 30. e4 Qg2# 0-1